[Event "4NCL Division 3 North"]
[Site "Wakefield, ENG"]
[Date "2016.11.26"]
[Round "1.95"]
[White "Miah, Zahed"]
[Black "Johnson, Paul A"]
[Result "0-1"]
[WhiteElo "1817"]
[BlackElo "1868"]
[PlyCount "88"]
[EventDate "2016.11.26"]
[WhiteTeam "Manx Liberty"]
[BlackTeam "Bradford DCA Knights B"]

1. e4 e5 2. Nf3 Nc6 3. Bb5 a6 4. Ba4 Nf6 5. O-O Be7 6. Re1 b5 7. Bb3 d6 8. h3
O-O 9. c3 Na5 10. Bc2 c5 11. d3 Qc7 12. Nbd2 Re8 13. Nf1 g6 14. Bg5 Nh5 15. Ne3
Bxg5 16. Nxg5 f6 17. Nd5 Qd8 18. Nf3 Be6 19. d4 cxd4 20. cxd4 Rc8 21. a4 Nc4
22. axb5 axb5 23. b3 Nb6 24. Bd3 Nxd5 25. exd5 Bxd5 26. Bxb5 Re7 27. dxe5 dxe5
28. Re3 Be6 29. Rd3 Qb6 30. Bc4 Bxc4 31. bxc4 e4 32. Rd6 Qc5 33. Rd8+ Rxd8 34.
Qxd8+ Kg7 35. Ra8 Rb7 36. Nd4 Kh6 37. Rc8 Rb1+ 38. Kh2 Qe5+ 39. g3 e3 40. Qf8+
Ng7 41. Rd8 exf2 42. Rd7 Rh1+ 43. Kxh1 f1=Q+ 44. Kh2 Qf2+ 0-1

[Event "4NCL Division 3 North"]
[Site "Wakefield, ENG"]
[Date "2016.11.26"]
[Round "1.96"]
[White "Patrick, David A"]
[Black "Bibby, Liam"]
[Result "0-1"]
[WhiteElo "1867"]
[BlackElo "1705"]
[Annotator "Barnes,Lara"]
[PlyCount "72"]
[EventDate "2016.11.26"]
[WhiteTeam "Bradford DCA Knights B"]
[BlackTeam "Manx Liberty"]

1. e4 e6 2. d4 d5 3. exd5 exd5 4. Bd3 Nf6 5. Nf3 Bd6 6. O-O O-O 7. Ne5 c5 8. c3
Nc6 9. Nxc6 bxc6 10. dxc5 Bxc5 11. Bg5 h6 12. Bh4 Re8 13. Nd2 g6 14. Nb3 Bd6
15. Qf3 g5 16. Bg3 Bg4 17. Bh7+ Kxh7 18. Qd3+ Kg7 19. Nd4 c5 20. f3 cxd4 21.
fxg4 Bxg3 22. hxg3 dxc3 23. bxc3 Qb6+ 24. Kh1 Ne4 25. Qf3 Qf6 26. Kh2 Qxf3 27.
Rxf3 Rac8 28. Raf1 f6 29. Rd3 Red8 30. Rfd1 Rc5 31. Re3 Nf2 32. Rd4 Rc4 33.
Re7+ Kf8 34. Rxa7 Rxd4 35. cxd4 Re8 36. Rd7 Re1 0-1

[Event "4NCL Division 3 North"]
[Site "Wakefield, ENG"]
[Date "2016.11.26"]
[Round "1.56"]
[White "Roberts, Malcolm A"]
[Black "Armstrong, William G"]
[Result "1/2-1/2"]
[WhiteElo "1672"]
[BlackElo "1830"]
[PlyCount "130"]
[EventDate "2016.11.26"]
[WhiteTeam "Holmes Chapel"]
[BlackTeam "Cheddleton 2"]

1. e4 c5 2. Nf3 d6 3. Nc3 g6 4. h3 Bg7 5. Bc4 Nc6 6. d3 e6 7. a4 Nge7 8. O-O
O-O 9. Bg5 a6 10. Qd2 Nd4 11. Nxd4 cxd4 12. Ne2 e5 13. Ng3 Be6 14. Bxe6 fxe6
15. h4 Bf6 16. h5 Rc8 17. hxg6 Nxg6 18. Bh6 Rf7 19. Rac1 Nf4 20. Bxf4 exf4 21.
Qxf4 Bg5 22. Qg4 h5 23. Nxh5 Rc5 24. f4 Kh8 25. fxg5 Rxg5 26. Qe2 Rh7 27. Nf6
Rh6 28. Ng4 Rhg6 29. Rf2 Rxg4 30. Rcf1 Qg5 31. Rf8+ Kh7 32. R8f7+ Rg7 33. Rxg7+
Kxg7 34. Qf2 Qe3 35. Qxe3 dxe3 36. Re1 d5 37. Rxe3 Kf6 38. Kf2 Ke5 39. exd5+
Kxd5 40. c4+ Kd6 41. Kf3 Rd4 42. b4 b5 43. axb5 axb5 44. cxb5 Rxb4 45. g4 Rxb5
46. Re4 Rb8 47. Kf4 e5+ 48. Kg5 Rd8 49. Re3 Kd5 50. Kf5 Rf8+ 51. Kg5 Rd8 52.
Rf3 e4 53. dxe4+ Kxe4 54. Rf5 Rd2 55. Rf4+ Ke5 56. Rf7 Ke6 57. Rf3 Ke7 58. Kf5
Kf7 59. g5 Kg7 60. Rf4 Rg2 61. Rg4 Rxg4 62. Kxg4 Kg6 63. Kf4 Kg7 64. Kf5 Kf7
65. Kg4 Kg7 1/2-1/2

[Event "4NCL Division 3 North"]
[Site "Wakefield, ENG"]
[Date "2017.04.30"]
[Round "10.11"]
[White "Richardson, Alex"]
[Black "Polaczek, Richard"]
[Result "1/2-1/2"]
[WhiteElo "2143"]
[BlackElo "2411"]
[Annotator "Barnes,Lara"]
[PlyCount "45"]
[EventDate "2017.04.30"]
[WhiteTeam "Cheddleton 2"]
[BlackTeam "Manchester Manticores 1"]

1. c4 e6 2. Nc3 Bb4 3. Qc2 c5 4. a3 Ba5 5. Ne4 Nf6 6. Nd6+ Ke7 7. Nxc8+ Qxc8 8.
Nf3 Nc6 9. e3 Re8 10. Be2 Kf8 11. O-O Kg8 12. d4 d6 13. Rd1 e5 14. d5 Ne7 15.
Nd2 Bb6 16. h3 Ng6 17. b3 Nh4 18. Bb2 Qd8 19. g3 Ng6 20. Bf3 Rf8 21. Rf1 h6 22.
Kh2 Ba5 23. Rae1 1/2-1/2

[Event "4NCL Division 3 North"]
[Site "Wakefield, ENG"]
[Date "2017.04.30"]
[Round "10.12"]
[White "Macklin, Paul"]
[Black "Edwards, Simon R"]
[Result "1-0"]
[WhiteElo "2372"]
[BlackElo "2087"]
[Annotator "Barnes,Lara"]
[PlyCount "43"]
[EventDate "2017.04.30"]
[WhiteTeam "Manchester Manticores 1"]
[BlackTeam "Cheddleton 2"]

1. e4 c5 2. c3 Nf6 3. e5 Nd5 4. Nf3 Nc6 5. d4 cxd4 6. cxd4 d6 7. Nc3 Nxc3 8.
bxc3 g6 9. e6 fxe6 10. Bd3 Bg7 11. Ng5 Qa5 12. Bd2 O-O 13. Qe2 Rf6 14. h4 h6
15. Ne4 Rf7 16. f4 e5 17. fxe5 Nxe5 18. dxe5 Bxe5 19. Rf1 Bf5 20. g4 Bxe4 21.
Qxe4 Bg3+ 22. Ke2 1-0

[Event "4NCL Division 3 North"]
[Site "Wakefield, ENG"]
[Date "2017.04.30"]
[Round "10.13"]
[White "Boswell, Jacob Connor"]
[Black "Jaunooby, Ali R"]
[Result "1-0"]
[WhiteElo "1952"]
[BlackElo "2260"]
[PlyCount "131"]
[EventDate "2017.04.30"]
[WhiteTeam "Cheddleton 2"]
[BlackTeam "Manchester Manticores 1"]

1. e4 d5 2. exd5 Nf6 3. Bb5+ Bd7 4. Be2 Nxd5 5. d4 g6 6. c4 Nb6 7. Nc3 Bg7 8.
Nf3 O-O 9. O-O Bg4 10. Be3 Nc6 11. d5 Bxf3 12. Bxf3 Ne5 13. c5 Nbc4 14. Rb1
Nxe3 15. fxe3 b6 16. Be2 bxc5 17. b3 Bh6 18. Qc1 Qd6 19. Rd1 f5 20. Rb2 Rab8
21. Rc2 c4 22. bxc4 Qc5 23. Na4 Qa5 24. Nb2 Qxa2 25. Nd3 Qb3 26. Rc3 Nxd3 27.
Rcxd3 Qa2 28. Bf1 Rb2 29. Qa1 Rfb8 30. c5 a5 31. c6 a4 32. Ra3 Qxa1 33. Rdxa1
R8b3 34. Rxa4 Bxe3+ 35. Kh1 Rb1 36. h3 f4 37. Kh2 g5 38. d6 exd6 39. Bc4+ Kg7
40. Bxb3 Rxb3 41. R4a3 Rb6 42. Ra6 Kf6 43. Rxb6 Bxb6 44. Ra8 Ke6 45. Rh8 Kd5
46. Rxh7 Kxc6 47. Rg7 Kd5 48. Rxg5+ Ke4 49. h4 Bd4 50. h5 c5 51. g3 c4 52. Rg4
Be5 53. gxf4 Bf6 54. Rg6 Kf5 55. Rg2 d5 56. Kg3 Ke4 57. Kf2 d4 58. h6 d3 59.
Ke1 c3 60. h7 Kf3 61. Rh2 Bh8 62. f5 c2 63. Kd2 Bc3+ 64. Kc1 Be5 65. h8=Q Bf4+
66. Rd2 1-0

[Event "4NCL Division 3 North"]
[Site "Wakefield, ENG"]
[Date "2017.04.30"]
[Round "10.14"]
[White "Jayawarna, Nugith"]
[Black "Russell, Harry"]
[Result "1-0"]
[WhiteElo "2155"]
[BlackElo "2009"]
[Annotator "Barnes,Lara"]
[PlyCount "73"]
[EventDate "2017.04.30"]
[WhiteTeam "Manchester Manticores 1"]
[BlackTeam "Cheddleton 2"]

1. c4 Nf6 2. Nc3 d5 3. cxd5 Nxd5 4. g3 e5 5. Bg2 Nb6 6. Nf3 Nc6 7. O-O Be7 8.
a3 a5 9. d3 O-O 10. Be3 Nd5 11. Nxd5 Qxd5 12. Nd4 Qd6 13. Nxc6 bxc6 14. Qc2 Bd7
15. Rfc1 Ra6 16. Bc5 Qxc5 17. Qxc5 Bxc5 18. Rxc5 f6 19. Rb1 Rb8 20. f4 exf4 21.
gxf4 Kf7 22. Be4 Rb5 23. Rxb5 cxb5 24. Rc1 c6 25. Kf2 g6 26. Ke3 Ke7 27. Kd4
Kd6 28. Bf3 Ra8 29. e4 Re8 30. Rc5 a4 31. e5+ fxe5+ 32. fxe5+ Kc7 33. Bd5 Re7
34. e6 Be8 35. Ke5 h5 36. d4 g5 37. Bxc6 1-0

[Event "4NCL Division 3 North"]
[Site "Wakefield, ENG"]
[Date "2017.04.30"]
[Round "10.16"]
[White "Mazek, Marek"]
[Black "Armstrong, William G"]
[Result "1-0"]
[WhiteElo "2110"]
[BlackElo "1843"]
[PlyCount "69"]
[EventDate "2017.04.30"]
[WhiteTeam "Manchester Manticores 1"]
[BlackTeam "Cheddleton 2"]

1. d4 Nf6 2. Nf3 g6 3. c4 Bg7 4. Nc3 O-O 5. e4 d6 6. h3 Nbd7 7. Bg5 h6 8. Be3
e5 9. d5 Nc5 10. Nd2 a5 11. g4 h5 12. f3 Nh7 13. h4 f5 14. exf5 gxf5 15. gxh5
f4 16. Bxc5 dxc5 17. Nde4 Qe8 18. Bd3 Qxh5 19. Qe2 Kh8 20. O-O-O b6 21. Rdg1
Bf5 22. Ng5 Bxd3 23. Qxd3 Rae8 24. Ne6 Rf7 25. Ne4 Nf8 26. Nxg7 Rxg7 27. Nf6
Qf7 28. Nxe8 Rg3 29. Nxc7 Qxc7 30. Qf5 Qg7 31. Qh5+ Kg8 32. Rxg3 fxg3 33. Qg5
Ng6 34. Qxg3 Qh6+ 35. Qg5 1-0

[Event "4NCL Division 3 North"]
[Site "Wakefield, ENG"]
[Date "2017.04.30"]
[Round "10.21"]
[White "Mulleady, Peter J"]
[Black "Lupulescu, Constantin"]
[Result "0-1"]
[WhiteElo "2080"]
[BlackElo "2616"]
[PlyCount "112"]
[EventDate "2017.04.30"]
[WhiteTeam "Manchester Manticores 2"]
[BlackTeam "Manx Liberty"]

1. d4 d5 2. Bf4 c5 3. e3 cxd4 4. exd4 Nc6 5. c3 Bf5 6. Nf3 e6 7. Qb3 Qd7 8. Bd3
Bd6 9. Bxd6 Qxd6 10. O-O Nge7 11. Nbd2 a6 12. Be2 b5 13. Nh4 b4 14. Nxf5 Nxf5
15. Bd3 bxc3 16. bxc3 Nfe7 17. Nf3 O-O 18. Rab1 a5 19. Qc2 g6 20. Rb6 Qc7 21.
Rb5 Rfb8 22. Rfb1 Rxb5 23. Rxb5 Rb8 24. Qb3 Kg7 25. g3 Nc8 26. Rxb8 Nxb8 27. c4
dxc4 28. Qxc4 Qxc4 29. Bxc4 Nb6 30. Bb5 Nd5 31. Kf1 Nc3 32. a4 Nxb5 33. axb5 a4
34. Nd2 a3 35. Nb3 Kf6 36. Ke2 a2 37. Kd3 e5 38. f3 Nd7 39. Kc4 h5 40. h4 Ke7
41. Kd5 exd4 42. Kxd4 Kd6 43. Na1 Ne5 44. f4 Nf3+ 45. Ke3 Nh2 46. Kd4 Nf1 47.
Kc3 Nxg3 48. Kb2 Nf5 49. Kxa2 Kc5 50. Kb3 Kxb5 51. Kc3 Kc5 52. Kd3 Kd5 53. Nc2
Nxh4 54. Ne3+ Ke6 55. Ke4 Nf5 56. Nc4 Nd6+ 0-1

[Event "4NCL Division 3 North"]
[Site "Wakefield, ENG"]
[Date "2017.04.30"]
[Round "10.22"]
[White "Galyas, Miklos"]
[Black "Hamer, Martyn"]
[Result "1-0"]
[WhiteElo "2491"]
[BlackElo "2050"]
[Annotator "Barnes,Lara"]
[PlyCount "51"]
[EventDate "2017.04.30"]
[WhiteTeam "Manx Liberty"]
[BlackTeam "Manchester Manticores 2"]

1. c4 g5 2. d4 h6 3. Nc3 Bg7 4. e4 c5 5. Nge2 cxd4 6. Nxd4 Nc6 7. Be3 d6 8. Be2
Nf6 9. O-O Bd7 10. Rc1 O-O 11. Kh1 Nxd4 12. Bxd4 Bc6 13. f3 a5 14. b3 Rc8 15.
Nd5 Bxd5 16. exd5 Nd7 17. Bxg7 Kxg7 18. f4 gxf4 19. Rxf4 Ne5 20. Rc3 Rg8 21.
Bg4 Rb8 22. Bf5 b5 23. Qh5 Ng6 24. Rh3 Rh8 25. Rg3 Qe8 26. Rfg4 1-0

[Event "4NCL Division 3 North"]
[Site "Wakefield, ENG"]
[Date "2017.04.30"]
[Round "10.24"]
[White "Ottosen, David"]
[Black "Newton, Robert A"]
[Result "0-1"]
[WhiteElo "2079"]
[BlackElo "2035"]
[Annotator "Barnes,Lara"]
[PlyCount "80"]
[EventDate "2017.04.30"]
[WhiteTeam "Manx Liberty"]
[BlackTeam "Manchester Manticores 2"]

1. e4 c5 2. Nf3 d6 3. d4 cxd4 4. Nxd4 Nf6 5. Nc3 g6 6. Be3 Bg7 7. f3 O-O 8. Bc4
Nc6 9. Qd2 Bd7 10. O-O-O Rc8 11. Bb3 Ne5 12. h4 h5 13. Bg5 Rc5 14. g4 hxg4 15.
f4 Nc4 16. Qe2 b5 17. f5 gxf5 18. exf5 Re5 19. Qf2 Qb6 20. Qg1 Bxf5 21. Bxf6
Bxf6 22. Nxf5 Qxg1 23. Nxe7+ Bxe7 24. Rdxg1 f5 25. Nxb5 d5 26. Nc3 Nb6 27. Re1
Rxe1+ 28. Rxe1 Bxh4 29. Re5 Kg7 30. Nxd5 Nxd5 31. Bxd5 Bf6 32. Re2 Kh6 33. Kd1
Kg5 34. Ke1 Bxb2 35. c4 Bd4 36. Kf1 Rb8 37. Rc2 Rb1+ 38. Kg2 Kh4 39. Kh2 Bg1+
40. Kg2 Bc5 0-1

[Event "4NCL Division 3 North"]
[Site "Wakefield, ENG"]
[Date "2017.04.30"]
[Round "10.25"]
[White "Webster, Richard J"]
[Black "Fabri, Henrik"]
[Result "1/2-1/2"]
[WhiteElo "2020"]
[BlackElo "1941"]
[PlyCount "42"]
[EventDate "2017.04.30"]
[WhiteTeam "Manchester Manticores 2"]
[BlackTeam "Manx Liberty"]

1. c4 Nf6 2. Nf3 e6 3. Nc3 Bb4 4. g3 b6 5. Bg2 Bb7 6. O-O O-O 7. a3 Bxc3 8.
bxc3 d6 9. d3 Nbd7 10. a4 a5 11. Ba3 Re8 12. Re1 Qb8 13. Rb1 Qa7 14. Qc2 Rad8
15. e4 Qa8 16. Nd4 Nc5 17. f4 e5 18. Nb5 Na6 19. Bc1 Bc6 20. Bd2 Qb7 21. h3 Nc5
1/2-1/2

[Event "4NCL Division 3 North"]
[Site "Wakefield, ENG"]
[Date "2017.04.30"]
[Round "10.26"]
[White "Costello, John"]
[Black "Lyth, John D"]
[Result "1/2-1/2"]
[WhiteElo "1698"]
[BlackElo "1900"]
[PlyCount "112"]
[EventDate "2017.04.30"]
[WhiteTeam "Manx Liberty"]
[BlackTeam "Manchester Manticores 2"]

1. d4 d5 2. c4 c6 3. cxd5 cxd5 4. Bf4 Nc6 5. Nc3 Nf6 6. Nf3 Bf5 7. a3 e6 8. e3
Be7 9. Bd3 Bxd3 10. Qxd3 O-O 11. h3 a6 12. O-O Rc8 13. Rfd1 h6 14. Ne5 Nd7 15.
e4 dxe4 16. Qg3 Bh4 17. Qg4 f5 18. Qh5 Ndxe5 19. dxe5 Qe7 20. Qg6 Qe8 21. Qxe8
Rfxe8 22. Rd7 Re7 23. Rad1 Rce8 24. g3 Rxd7 25. Rxd7 Re7 26. Rd1 Bg5 27. h4
Bxf4 28. gxf4 Kf7 29. Kg2 Ke8 30. Na4 g5 31. hxg5 hxg5 32. Kg3 gxf4+ 33. Kxf4
Rg7 34. Nc5 Rg4+ 35. Ke3 Nxe5 36. Nxe6 Nc4+ 37. Ke2 Ke7 38. Nc5 Nd6 39. Rd5 Rg8
40. Re5+ Kd8 41. Ne6+ Kd7 42. Nd4 f4 43. Rh5 Re8 44. Rd5 Kc7 45. Rc5+ Kb6 46.
b4 Rc8 47. Ne6 f3+ 48. Ke3 Rc6 49. Ng5 Rxc5 50. bxc5+ Kxc5 51. Nxe4+ Nxe4 52.
Kxe4 b5 53. Kxf3 Kd4 54. Ke2 a5 55. Kd2 Ke4 56. Kc3 b4+ 1/2-1/2

[Event "4NCL Division 3 North"]
[Site "Wakefield, ENG"]
[Date "2017.04.30"]
[Round "10.31"]
[White "Carpenter, Martin"]
[Black "Collins, Richard A"]
[Result "1-0"]
[WhiteElo "2103"]
[BlackElo "1967"]
[PlyCount "139"]
[EventDate "2017.04.30"]
[WhiteTeam "Jorvik"]
[BlackTeam "Manchester Manticores 3"]

1. e4 c6 2. d4 d5 3. e5 Bf5 4. Be3 e6 5. Nd2 Nd7 6. Ngf3 Bb4 7. c3 Ba5 8. Be2
Ne7 9. O-O Bb6 10. b4 h6 11. Nb3 O-O 12. Nfd2 Bg6 13. f4 Bc7 14. Bf2 b6 15. Bh4
Qe8 16. Bf3 Bd8 17. Bf2 Bc7 18. Qe2 b5 19. a4 a6 20. Ra2 Qb8 21. Rfa1 Qb7 22.
Nf1 Rfb8 23. g4 Qc8 24. Ne3 Nb6 25. Nc5 Nc4 26. a5 Qe8 27. Bg2 Ra7 28. Nf1 Rd8
29. Bh4 Rc8 30. Bh3 Bd8 31. Be1 Bh7 32. Ng3 g6 33. Bd2 Nxd2 34. Qxd2 Qf8 35.
Rf1 Qg7 36. Qe3 Kh8 37. Raf2 Ng8 38. f5 gxf5 39. gxf5 exf5 40. Bxf5 Rcc7 41.
Kh1 Bg5 42. Qd3 Bxf5 43. Qxf5 Qh7 44. Qg4 Qg6 45. Nf5 Kh7 46. Nd6 Be3 47. Qxg6+
Kxg6 48. Rg2+ Kh7 49. Nf5 Bg5 50. h4 Be7 51. Rfg1 Rc8 52. Rg7+ Kh8 53. Nxe7
Rxe7 54. Nxa6 Rf8 55. Nc5 f5 56. R7g6 Rc8 57. a6 Rh7 58. Nb7 Ne7 59. Re6 Ra8
60. Nc5 Ra7 61. Rd6 Ra8 62. Rd7 Re8 63. a7 Rf7 64. Rb7 Ra8 65. Ne6 Kh7 66. h5
f4 67. Rf1 f3 68. Rf2 Rf5 69. Rxe7+ Kh8 70. Ng7 1-0

[Event "4NCL Division 3 North"]
[Site "Wakefield, ENG"]
[Date "2017.04.30"]
[Round "10.32"]
[White "Tyton, Adam"]
[Black "White, Mark W"]
[Result "0-1"]
[WhiteElo "1945"]
[BlackElo "2028"]
[PlyCount "80"]
[EventDate "2017.04.30"]
[WhiteTeam "Manchester Manticores 3"]
[BlackTeam "Jorvik"]

1. e4 c5 2. Nf3 Nc6 3. Bb5 g6 4. c3 Bg7 5. O-O a6 6. Bxc6 dxc6 7. h3 Nf6 8. Qe2
O-O 9. d3 Qc7 10. Na3 b6 11. Be3 a5 12. Rfd1 Ba6 13. Qc2 e5 14. Rac1 Rfd8 15.
Nc4 Ne8 16. a4 Rd7 17. b4 Bxc4 18. dxc4 Rxd1+ 19. Rxd1 axb4 20. cxb4 cxb4 21.
c5 bxc5 22. Bxc5 Rb8 23. Qb3 Bf8 24. Rc1 Nf6 25. Bxf8 Kxf8 26. Qc4 b3 27. Rb1
b2 28. Qc5+ Kg8 29. Qc2 Qd6 30. Rxb2 Rxb2 31. Qxb2 Qd1+ 32. Kh2 Qxa4 33. Qb8+
Kg7 34. Nxe5 Qxe4 35. Qc7 Qf4+ 36. Kg1 Ne4 37. f3 Ng3 38. Kf2 h5 39. Qe7 h4 40.
Nd7 Qd2+ 0-1

[Event "4NCL Division 3 North"]
[Site "Wakefield, ENG"]
[Date "2017.04.30"]
[Round "10.33"]
[White "Carpenter, James M"]
[Black "Hilton, Tim"]
[Result "1-0"]
[WhiteElo "1930"]
[BlackElo "1930"]
[PlyCount "67"]
[EventDate "2017.04.30"]
[WhiteTeam "Jorvik"]
[BlackTeam "Manchester Manticores 3"]

1. e4 e6 2. d4 d5 3. Nc3 Bb4 4. e5 Ne7 5. a3 Bxc3+ 6. bxc3 c5 7. h4 Nbc6 8. Nf3
Bd7 9. h5 h6 10. Bd3 Qa5 11. Bd2 c4 12. Be2 O-O-O 13. Qb1 f6 14. Qb2 fxe5 15.
Nxe5 Nxe5 16. dxe5 Nf5 17. g4 Ne7 18. O-O-O Kb8 19. Be3 Qa6 20. f4 Bb5 21. Rhf1
Nc6 22. f5 Ka8 23. f6 Nxe5 24. fxg7 Rhg8 25. Bxh6 Nd3+ 26. Bxd3 cxd3 27. Rf8
dxc2 28. Rd2 e5 29. Rxd8+ Rxd8 30. Bg5 Qb6 31. Qxc2 Rc8 32. Rxd5 Qg1+ 33. Qd1
Qb6 34. Rd8 1-0

[Event "4NCL Division 3 North"]
[Site "Wakefield, ENG"]
[Date "2017.04.30"]
[Round "10.35"]
[White "Anderson, Paul W"]
[Black "Altham, John T"]
[Result "0-1"]
[WhiteElo "1785"]
[BlackElo "1922"]
[PlyCount "68"]
[EventDate "2017.04.30"]
[WhiteTeam "Jorvik"]
[BlackTeam "Manchester Manticores 3"]

1. c4 e6 2. Nc3 d5 3. cxd5 exd5 4. d4 Nf6 5. a3 Be7 6. Nf3 O-O 7. e3 c6 8. Bd3
Bg4 9. h3 Bh5 10. g4 Bg6 11. Ne5 Bxd3 12. Qxd3 Nbd7 13. f4 Nxe5 14. dxe5 Nd7
15. g5 b5 16. Ne2 Nc5 17. Qc2 Ne4 18. Nd4 c5 19. Nc6 Qd7 20. Nxe7+ Qxe7 21. b3
a5 22. O-O c4 23. bxc4 bxc4 24. Qg2 Rfb8 25. Rd1 Qe6 26. h4 Rb3 27. Ra2 Nc3 28.
Rd4 Nxa2 29. f5 Qxf5 30. Qxd5 Rbb8 31. Bd2 c3 32. Qxa2 Qb1+ 33. Qxb1 Rxb1+ 34.
Kf2 Rb2 0-1

[Event "4NCL Division 3 North"]
[Site "Wakefield, ENG"]
[Date "2017.04.30"]
[Round "10.36"]
[White "Potter, Steven"]
[Black "Andrews, Norman G"]
[Result "1/2-1/2"]
[WhiteElo "1922"]
[BlackElo "1562"]
[PlyCount "72"]
[EventDate "2017.04.30"]
[WhiteTeam "Manchester Manticores 3"]
[BlackTeam "Jorvik"]

1. d4 Nf6 2. Bg5 h6 3. Bh4 e6 4. e3 Be7 5. Nf3 b6 6. Bd3 Bb7 7. Nbd2 d6 8. Bxf6
Bxf6 9. e4 Nd7 10. c3 e5 11. O-O Bg5 12. Nc4 Bf6 13. Ne3 h5 14. Re1 Nf8 15. Nd5
Ne6 16. g3 O-O 17. Nxf6+ Qxf6 18. d5 Nc5 19. Bc2 Bc8 20. Nh4 g6 21. b4 Nd7 22.
Rf1 Qg7 23. Qd2 Ba6 24. Bd3 Bxd3 25. Qxd3 Nf6 26. a4 a5 27. b5 Nd7 28. Qe3 Kh7
29. Nf3 f6 30. Ne1 Qh6 31. Qxh6+ Kxh6 32. Nd3 f5 33. f3 fxe4 34. fxe4 Kg7 35.
Kg2 Rxf1 36. Rxf1 Rf8 1/2-1/2

[Event "4NCL Division 3 North"]
[Site "Wakefield, ENG"]
[Date "2017.04.30"]
[Round "10.41"]
[White "Madden, Paul"]
[Black "Clark, Robert G"]
[Result "1-0"]
[WhiteElo "2075"]
[BlackElo "2018"]
[PlyCount "59"]
[EventDate "2017.04.30"]
[WhiteTeam "Ashfield Breadsall 1"]
[BlackTeam "Holmes Chapel"]

1. e4 e6 2. d4 d5 3. Nd2 Nf6 4. e5 Nfd7 5. Bd3 c5 6. c3 Nc6 7. Ne2 cxd4 8. cxd4
f6 9. exf6 Nxf6 10. O-O Bd6 11. Nf3 O-O 12. Bf4 Bxf4 13. Nxf4 Ne4 14. g3 Qf6
15. h4 h6 16. h5 Bd7 17. Re1 Rad8 18. Bxe4 dxe4 19. Rxe4 Qf5 20. Qe1 Qg4 21.
Qe3 Ne7 22. Ne5 Qg5 23. Nxd7 Rxd7 24. Nxe6 Qxe3 25. fxe3 Rf6 26. Rf1 Nf5 27.
Nc5 Rdf7 28. g4 b6 29. Re8+ Kh7 30. Ne4 1-0

[Event "4NCL Division 3 North"]
[Site "Wakefield, ENG"]
[Date "2017.04.30"]
[Round "10.42"]
[White "Turner, John M"]
[Black "Garnett, John S"]
[Result "1/2-1/2"]
[WhiteElo "2019"]
[BlackElo "1973"]
[PlyCount "99"]
[EventDate "2017.04.30"]
[WhiteTeam "Holmes Chapel"]
[BlackTeam "Ashfield Breadsall 1"]

1. e4 c6 2. Nc3 d5 3. Nf3 Bg4 4. h3 Bxf3 5. Qxf3 e6 6. g3 Nd7 7. exd5 cxd5 8.
Bg2 Ngf6 9. O-O Bc5 10. d3 O-O 11. Bd2 Rc8 12. Rfc1 a6 13. a3 Ne5 14. Qe2 Nc6
15. b4 Ba7 16. Qd1 Qb6 17. Be3 d4 18. Na4 Qb5 19. c4 Qf5 20. g4 Qe5 21. Bd2 Bb8
22. f4 Qd6 23. Nc5 Qe7 24. Qe2 Rfe8 25. Rf1 Ba7 26. g5 Nd7 27. Ne4 f5 28. Ng3
g6 29. Rae1 Nf8 30. Qd1 Qd7 31. Qb3 Rcd8 32. a4 Ne7 33. Re2 b5 34. cxb5 axb5
35. a5 Nd5 36. Bxd5 Qxd5 37. Qxd5 Rxd5 38. Rc1 Rd7 39. Kf2 Kf7 40. Ree1 Ree7
41. Nf1 Rc7 42. Nh2 Ke8 43. Nf3 Kd8 44. Ne5 Rxc1 45. Rxc1 Rc7 46. Nc6+ Kd7 47.
Ne5+ Kd6 48. Rxc7 Kxc7 49. Kg3 Nd7 50. Nxd7 1/2-1/2

[Event "4NCL Division 3 North"]
[Site "Wakefield, ENG"]
[Date "2017.04.30"]
[Round "10.43"]
[White "Truman, Richard G"]
[Black "Doran, Chris"]
[Result "0-1"]
[WhiteElo "1941"]
[BlackElo "1977"]
[PlyCount "62"]
[EventDate "2017.04.30"]
[WhiteTeam "Ashfield Breadsall 1"]
[BlackTeam "Holmes Chapel"]

1. e4 c5 2. Nf3 d6 3. d4 cxd4 4. Nxd4 Nf6 5. Nc3 g6 6. Be2 Bg7 7. Be3 Nc6 8.
O-O O-O 9. Nb3 Be6 10. f4 Rc8 11. Bf3 Nd7 12. Nd4 Nxd4 13. Bxd4 Bxd4+ 14. Qxd4
Qa5 15. Rf2 a6 16. f5 Bc4 17. e5 Nxe5 18. Bxb7 Rc7 19. Bd5 Qc5 20. Qxc5 Rxc5
21. Rd1 gxf5 22. b4 Rc7 23. Rxf5 e6 24. Rg5+ Ng6 25. Bf3 d5 26. Rd4 Bxa2 27.
Nxa2 Rxc2 28. Rh4 Kg7 29. Rh3 Rxa2 30. Rgh5 Rc8 31. Rxh7+ Kg8 0-1

[Event "4NCL Division 3 North"]
[Site "Wakefield, ENG"]
[Date "2017.04.30"]
[Round "10.44"]
[White "Bennett, Patrick"]
[Black "Jarvis, Derek A"]
[Result "0-1"]
[WhiteElo "2008"]
[BlackElo "1942"]
[PlyCount "98"]
[EventDate "2017.04.30"]
[WhiteTeam "Holmes Chapel"]
[BlackTeam "Ashfield Breadsall 1"]

1. d4 Nf6 2. c4 e6 3. g3 c5 4. d5 exd5 5. cxd5 d6 6. Bg2 g6 7. Nf3 Bg7 8. O-O
b5 9. a4 b4 10. e4 Nxe4 11. Re1 f5 12. Nbd2 O-O 13. Nxe4 fxe4 14. Rxe4 h6 15.
Re6 Rf6 16. Rxf6 Qxf6 17. Qe2 Nd7 18. Nd2 Ne5 19. Ne4 Qf8 20. h3 a5 21. Bf4 Ba6
22. Qc2 Bd3 23. Qd1 c4 24. b3 g5 25. Bxe5 Bxe5 26. Ra2 Qf5 27. Nd2 Rf8 28. Nxc4
Bxc4 29. bxc4 Bd4 30. Qxd4 Qb1+ 31. Kh2 Qxa2 32. Qe4 Rf6 33. f4 gxf4 34. gxf4
Qxa4 35. Qe7 Qa1 36. c5 Qd4 37. c6 Qxf4+ 38. Kh1 Qc1+ 39. Kh2 Qf4+ 40. Kh1 Qc1+
41. Kh2 Qc3 42. c7 Rf7 43. Qe8+ Rf8 44. Qe6+ Kg7 45. Qxd6 Rf7 46. Qe6 Qxc7+ 47.
d6 Qd7 48. Qe5+ Rf6 49. Qg3+ Kh8 0-1

[Event "4NCL Division 3 North"]
[Site "Wakefield, ENG"]
[Date "2017.04.30"]
[Round "10.45"]
[White "Ukken, Somton"]
[Black "Scattergood, Ben"]
[Result "1-0"]
[WhiteElo "1875"]
[BlackElo "1794"]
[Annotator "Barnes,Lara"]
[PlyCount "43"]
[EventDate "2017.04.30"]
[WhiteTeam "Ashfield Breadsall 1"]
[BlackTeam "Holmes Chapel"]

1. d4 Nf6 2. c4 e6 3. g3 Bb4+ 4. Bd2 c5 5. Bxb4 cxb4 6. Bg2 d5 7. Nd2 Nc6 8.
Ngf3 O-O 9. O-O a5 10. Re1 Ra7 11. Rc1 dxc4 12. Nxc4 b5 13. Nce5 Nxe5 14. Nxe5
Bb7 15. Nc6 Bxc6 16. Bxc6 Qb6 17. Qd3 Rd8 18. e3 e5 19. Bxb5 g6 20. Rc6 e4 21.
Rxb6 exd3 22. Rxf6 1-0

[Event "4NCL Division 3 North"]
[Site "Wakefield, ENG"]
[Date "2017.04.30"]
[Round "10.46"]
[White "Gissi, Alberto"]
[Black "Burke, Steven J"]
[Result "0-1"]
[WhiteElo "1570"]
[BlackElo "1900"]
[PlyCount "128"]
[EventDate "2017.04.30"]
[WhiteTeam "Holmes Chapel"]
[BlackTeam "Ashfield Breadsall 1"]

1. e4 d6 2. d4 Nf6 3. Bd3 Nbd7 4. c4 e5 5. d5 Nc5 6. Nc3 g6 7. Nge2 Bg7 8. Bc2
O-O 9. O-O Nh5 10. f4 exf4 11. Nxf4 Nxf4 12. Bxf4 Nd7 13. Qd2 Ne5 14. b3 a6 15.
Bh6 Bxh6 16. Qxh6 Ng4 17. Qd2 Qe7 18. Rae1 Qe5 19. g3 Bd7 20. Ne2 Qh5 21. Nf4
Qh6 22. Re2 Ne5 23. Bd1 Rae8 24. Re3 b6 25. Nd3 Nxd3 26. Qxd3 f5 27. Bf3 fxe4
28. Bxe4 Rxf1+ 29. Kxf1 Qxh2 30. Re2 Rf8+ 31. Ke1 Qg1+ 32. Kd2 Bg4 33. Rg2 Qd1+
34. Kc3 Qe1+ 35. Kb2 Rf2+ 36. Rxf2 Qxf2+ 37. Ka3 Kg7 38. Qc3+ Qf6 39. Qe3 Qe5
40. Qd3 Bd7 41. b4 Qa1 42. Kb3 Bg4 43. Qd2 Qd1+ 44. Qc2 Qxc2+ 45. Bxc2 Be2 46.
Kc3 h5 47. Kd4 Kf6 48. a4 a5 49. bxa5 bxa5 50. c5 g5 51. cxd6 cxd6 52. Ke3 Bf1
53. Bb3 Ke5 54. Kf2 Ba6 55. Bd1 h4 56. gxh4 gxh4 57. Kf3 Bc8 58. Bb3 Bd7 59.
Ke3 Bg4 60. Kf2 Kd4 61. Ba2 Bd1 62. Kg2 Bxa4 63. Kh3 Kc3 64. Kxh4 Bb3 0-1